000 00519nam a22001937a 4500
003 OSt
005 20160707143931.0
008 160707b xxu||||| |||| 00| 0 eng d
020 _a0750695846
040 _cDNLM.
082 _aQZ18P27 1999.
100 _aHeller,S.Debra;Klein,J.Micheal;
_910024
245 _aPathology.
_bacomprehensive review.
260 _aBoston.
_bButterworth Heinemann.
_c1999.
300 _axi,647p;
_bill;
_c27cm.
504 _aincludes index.
650 _aPathology.
_937
942 _2z
_cO_SHELF
999 _c4659
_d4659